005020000a22001330004500090001700000245009600017041001400113700003000127700002700157100004000184942001300224773011400237999001700351 aASbSeriadas10aNueva especie de Colostethus () de la región del Caribe de Colombia0 aEspañol1 aCuentas, Daniel A.9990681 aColoma, Luis A.9990691 aAcosta Galvis, Andrés Rymel96246 cARTICULO1 tRevista de la Academia Colombiana de Ciencias Exactas, Fisicas y Naturales332hSupl. Esp.q225-230d1999g23 c13998d13998